NFL qbs of 2025 (backups) - Statistics

General Stats
  • This quiz has been taken 64 times
  • The average score is 18 of 32
Answer Stats
Picture Answer % Correct
gardner minshew
91%
trey lance
84%
joshua dobbs
83%
mason rudolph
83%
Jake Browning
81%
tyrod Taylor
81%
Andy dalton
78%
Mac Jones
76%
carson Wentz
74%
davis Mills
74%
Kirk cousins
74%
Zach Wilson
71%
Jacoby brissett
67%
marcus mariota
67%
jaxson dart
64%
jimmy garoppolo
64%
malik willis
64%
Kenny Pickett
60%
drew lock
59%
cooper rush
55%
jarrett stidham
55%
teddy bridgewater
53%
tanner mckee
52%
Tyson bagent
45%
Brandon Allen
31%
Kyle Allen
31%
nick mullens
31%
Tyler shough
21%
anthony richardson sr
14%
Mitchel trubisky
10%
Joe Milton III
7%
Dillion Gabriel
5%
No matching quizzes found
Score Distribution
Percent of People with Each Score
Percentile by Number Answered
Your Score History
You have not taken this quiz